000 00438nam a2200169 a 4500
020 _a0669024325
040 _cDLC
082 0 0 _a512 D.C.H 1982 A033 Or.
100 1 _aBrase, Charles Henry.
245 1 0 _aCollege algebra /
260 _aLexington, Mass. :
_bD.C. Heath,
_cc1982.
300 _axvi, 400, 57 p. :
_bill. ;
_c24 cm.
500 _aIncludes index.
650 0 _aAlgebra.
700 1 _aBrase, Corrinne Pellillo.
942 _cEK
999 _c12412
_d12412